Architektúra školy architektúry

Gespeichert in:
Bibliographische Detailangaben
1. Verfasser: Fečkaninová, Jana (Verfasst von)
Weitere Verfasser: Žitňanský, Márius (Betreuung Doktorarbeit)
Format: Manuskript Buch
Sprache:Slowakisch
Veröffentlicht: Bratislava 2019
Schlagworte:
Online-Zugang:http://is.stuba.sk/zp/portal_zp.pl?podrobnosti=127942
Tags: Tag hinzufügen
Keine Tags, Fügen Sie das erste Tag hinzu!

MARC

LEADER 00000ntm a22000003a 4500
001 stuzp54634
003 SK-STU
005 20230316130619.3
007 ta
008 150427s2015----xo-----f-mn---000-0-slo-d
035 |a biblio/135290  |2 CREPC2 
040 |a STU  |b slo 
041 0 |a slo  |b eng 
044 |a xo 
100 1 |a Fečkaninová, Jana  |u 058180  |4 aut  |9 100  |U FAD Fakulta architektúry  |T FA Ústav architektúry občianskych budov  |X 68116  |U A8180  |Y 399  |7 A000068116 
242 0 1 |a Architecture of School of Architecture  |y eng 
245 1 0 |a Architektúra školy architektúry 
260 |c 2019  |a Bratislava 
300 |a 162 s. 
650 4 |a škola architektúry  |2 slo 
650 4 |a pedagogika  |2 slo 
650 4 |a typológia architektonickej školy  |2 slo 
650 4 |a ateliér  |2 slo 
650 4 |a škola  |2 slo 
650 4 |a pedagogy  |2 eng 
650 4 |a typology of architectural school  |2 eng 
650 4 |a studio  |2 eng 
650 4 |a unit  |2 eng 
650 4 |a school  |2 eng 
650 4 |a school of architecture  |2 eng 
700 1 |a Žitňanský, Márius  |u 058180  |k Z1  |4 ths  |U FAD Fakulta architektúry  |T FA Ústav architektúry občianskych budov  |X 439  |U A8180  |Y 399  |7 A000000439 
856 4 |u http://is.stuba.sk/zp/portal_zp.pl?podrobnosti=127942  |u https://opac.crzp.sk/?fn=detailBiblioForm&sid=053A541DA4E8CCAC4C8DDF99EB06 
996 |b 284AU08113  |c A* 11378/V  |l AAKNST  |s P  |a 0  |w stuzp54634_0001